[Event "Challenge"]
[Site "http://www.queenalice.com/game.php?id=657769"]
[Date "2009.9.25"]
[Round "-"]
[White "andydede"]
[Black "Edivanderson"]
[Result "0-1"]
[WhiteElo "1614"]
[BlackElo "1574"]

1. e4 Nc6 2. c3 Nf6 3. Qf3 d5 4. exd5 Qxd5 5. Qg3 e5 6. c4 Qc5 7. Nf3 Bg4 8. Be2
Bxf3 9. gxf3 Nd4 10. Bd3 Nh5 11. Qg4 Nf4 12. Na3 Nxd3+ 13. Kf1 Nb3 14. Ke2 Nxf2
15. d4 exd4 16. Kxf2 Nxa1 17. Ke2 f5 18. Qf4 Bd6 19. Qd2 b5 20. cxb5 O-O-O 21.
b4 Qxb4 22. Qb2 d3+ 23. Kf2 Qh4+ 24. Kg2 Rhe8 25. Kg1 Bc5+ 0-1

[Event "Desempate!!"]
[Site "http://www.queenalice.com/game.php?id=670318"]
[Date "2009.10.21"]
[Round "-"]
[White "Givanildo"]
[Black "Edivanderson"]
[Result "0-1"]
[WhiteElo "1476"]
[BlackElo "1543"]

1. e3 Nc6 2. c3 Nf6 3. d3 e5 4. b4 d6 5. h3 Be7 6. e4 a5 7. b5 Na7 8. a4 c6 9.
c4 cxb5 10. axb5 Bd7 11. Nc3 Nxb5 12. cxb5 Bxb5 13. Nxb5 d5 14. Bg5 dxe4 15. Qa4
O-O 16. Bxf6 Bb4+ 17. Ke2 Qxd3# 0-1

[Event "Let's Play Chess!"]
[Site "http://www.queenalice.com/game.php?id=1282023"]
[Date "2014.5.16"]
[Round "-"]
[White "Edivanderson"]
[Black "igorjava"]
[Result "1-0"]
[WhiteElo "1551"]
[BlackElo "1889"]

1. Nf3 d5 2. c4 c6 3. d4 Bg4 4. Ne5 Bf5 5. Qb3 b6 6. Qa4 Bd7 7. Nc3 f6 8. Nxd7
Qxd7 9. cxd5 cxd5 10. Qxd7+ Kxd7 11. Nxd5 e6 12. Nc3 Bb4 13. e4 Nc6 14. Be3 Nge7
15. O-O-O Kc7 16. d5 exd5 17. exd5 Ne5 18. d6+ Kd7 19. dxe7+ Kxe7 20. Nd5+ 1-0

[Event "Challenge"]
[Site "http://www.queenalice.com/game.php?id=1287957"]
[Date "2014.6.12"]
[Round "-"]
[White "monok"]
[Black "Edivanderson"]
[Result "0-1"]
[WhiteElo "1712"]
[BlackElo "1528"]

1. e4 c5 2. Nc3 d6 3. f4 a6 4. Nf3 e6 5. d3 Nc6 6. Be2 g6 7. O-O Bg7 8. Qe1 Nge7
9. Be3 Qb6 10. Rb1 O-O 11. f5 exf5 12. Qh4 Bxc3 13. bxc3 Qc7 14. Bh6 fxe4 15.
dxe4 Qd8 16. Ng5 Re8 17. Nxf7 Nf5 18. Nxd8 Nxh4 19. Nxc6 bxc6 20. Bc4+ Be6 21.
Bxe6+ Rxe6 22. Rb7 Rxe4 23. Rff7 Nf5 24. Bg5 h6 25. Bf6 Rb8 26. Ra7 Rb1+ 27. Kf2
Rf4+ 28. Ke2 Rbf1 29. Rh7 R4f2+ 30. Kd3 Rd1+ 31. Kc4 Ne3+ 32. Kb3 Rb1+ 33. Ka4
Rf4+ 34. Bd4 Rxd4+ 35. cxd4 Rb4+ 0-1

[Event "Let's Play!"]
[Site "http://www.queenalice.com/game.php?id=1288269"]
[Date "2014.6.14"]
[Round "-"]
[White "digger"]
[Black "Edivanderson"]
[Result "0-1"]
[WhiteElo "1580"]
[BlackElo "1595"]

1. e4 e5 2. d4 exd4 3. Qxd4 Nc6 4. Qd5 Nf6 5. Qd3 Bc5 6. Bg5 Bxf2+ 7. Kxf2 Ng4+
8. Ke1 Qxg5 9. Be2 Qc1+ 10. Qd1 Qxb2 11. Nd2 Ne3 12. Qc1 Qxa1 13. Nb3 Qxc1+ 14.
Nxc1 Nxg2+ 15. Kf1 Ne3+ 16. Kf2 Nxc2 17. Nf3 d6 18. Rd1 f5 19. Bd3 N2b4 20. exf5
Nxd3+ 21. Nxd3 O-O 22. Nde1 Bxf5 23. Rc1 Be4 24. Ke3 Bxf3 25. Nxf3 Rae8+ 26. Kf2
Nd4 27. Rc3 Re2+ 28. Kg3 Nxf3 29. Rxf3 Rxf3+ 30. Kg4 Rf6 31. h4 h5+ 32. Kxh5 Rg2
33. a4 Rf5# 0-1

[Event "Challenge"]
[Site "http://www.queenalice.com/game.php?id=1291326"]
[Date "2014.6.29"]
[Round "-"]
[White "JORAM2205"]
[Black "Edivanderson"]
[Result "0-1"]
[WhiteElo "1533"]
[BlackElo "1581"]

1. e4 e5 2. Nf3 Nc6 3. Nc3 Nf6 4. d3 d5 5. Bg5 Bb4 6. Bd2 d4 7. Nb5 Bc5 8. Ng5
a6 9. Na3 Bg4 10. Qc1 h6 11. h3 hxg5 12. Nc4 b5 13. Na3 Qd6 14. c3 dxc3 15. Qxc3
b4 16. Qb3 bxa3 17. bxa3 Qd4 18. Rc1 Qxf2# 0-1

[Event "AUTO-OPEN-3280"]
[Site "http://www.queenalice.com/game.php?id=1291401"]
[Date "2014.6.30"]
[Round "1"]
[White "Edivanderson"]
[Black "pgierech"]
[Result "1-0"]
[WhiteElo "1623"]
[BlackElo "2000"]

1. e4 d5 2. exd5 Qxd5 3. Nc3 Qa5 4. d4 Nf6 5. Nf3 Bg4 6. h3 Bh5 7. g4 Bg6 8. Ne5
Nbd7 9. Nc4 Qa6 10. Bf4 b5 11. Nxb5 Nd5 12. Nxc7+ Nxc7 13. Nd6+ exd6 14. Bxa6
1-0

[Event "AUTO-OPEN-3280"]
[Site "http://www.queenalice.com/game.php?id=1291402"]
[Date "2014.6.30"]
[Round "1"]
[White "pgierech"]
[Black "Edivanderson"]
[Result "1-0"]
[WhiteElo "1967"]
[BlackElo "1611"]

1. f4 g6 2. Nf3 Bg7 3. e4 d5 4. e5 Nh6 5. d4 Nc6 6. c3 Bf5 7. Bd3 Qd7 8. Bxf5
Qxf5 9. O-O O-O-O 10. Na3 f6 11. Qa4 Rhf8 12. b4 a6 13. b5 1-0

[Event "AUTO-OPEN-3280"]
[Site "http://www.queenalice.com/game.php?id=1291403"]
[Date "2014.6.30"]
[Round "1"]
[White "Edivanderson"]
[Black "XaraX"]
[Result "0-1"]
[WhiteElo "1653"]
[BlackElo "1985"]

1. e4 e5 2. Nf3 Nc6 3. d4 Nxd4 4. Nxd4 exd4 5. Qxd4 d6 6. Nc3 Nf6 7. Bf4 Be7 8.
Bb5+ c6 9. Be2 O-O 10. O-O-O Ne8 11. e5 d5 0-1

[Event "AUTO-OPEN-3280"]
[Site "http://www.queenalice.com/game.php?id=1291404"]
[Date "2014.6.30"]
[Round "1"]
[White "XaraX"]
[Black "Edivanderson"]
[Result "1-0"]
[WhiteElo "1988"]
[BlackElo "1650"]

1. d4 d5 2. c4 c6 3. Nc3 Nf6 4. Nf3 dxc4 5. e4 b5 6. e5 Nd5 7. Be2 g6 8. O-O Bg7
9. a4 a6 10. axb5 Nxc3 11. bxc3 1-0